| 000 | 00983cam a22002772 4500 | ||
|---|---|---|---|
| 001 | 42930 | ||
| 003 | BD-RJUL | ||
| 005 | 20211209053622.0 | ||
| 008 | 160618s1966 xx 000 0 eng | ||
| 035 | _aBD-RJUL 43048 | ||
| 040 |
_aDLC _cXFM _dOCL _dUKM _dEQO _dBD-RJUL _beng |
||
| 041 | 0 | _amul | |
| 082 |
_a330.03 _bCLG 1966 |
||
| 100 | 1 |
_aClifford Vaughan, F. _9131838 |
|
| 245 | 1 | 0 |
_aGlossary of economics : _bincluding Soviet terminology, in English/American, French, German, Russian / _ccompiled and arranged by F. and M. Clifford Vaughan. |
| 260 |
_aAmsterdam : _aNew York : _bElsevier Pub. Co., _c1966. |
||
| 300 |
_a201 p. ; _c20 cm. |
||
| 490 | 1 | _aGlossaria interpretum | |
| 650 | 0 |
_aEconomics _vDictionaries _xPolyglot. _9131839 |
|
| 650 | 0 |
_aEnglish language _vDictionaries _xPolyglot. _9131840 |
|
| 650 | 0 |
_aDictionaries, Polyglot. _9131841 |
|
| 700 | 1 |
_aVaughan, Michalina _9131842 |
|
| 830 | 0 |
_aGlossaria interpretum _9131843 |
|
| 942 |
_2ddc _cBK |
||
| 999 |
_c42930 _d42930 |
||